Oh say can you say? / (Record no. 1244)

MARC details
000 -LEADER
fixed length control field 01026cam a2200313 i 4500
005 - DATE AND TIME OF LATEST TRANSACTION
control field 20260322212052.0
008 - FIXED-LENGTH DATA ELEMENTS--GENERAL INFORMATION
fixed length control field data
010 ## - LIBRARY OF CONGRESS CONTROL NUMBER
LC control number 78020716
020 ## - INTERNATIONAL STANDARD BOOK NUMBER
International Standard Book Number 0394842553
020 ## - INTERNATIONAL STANDARD BOOK NUMBER
International Standard Book Number 0394942558 (lib. bdg.)
020 ## - INTERNATIONAL STANDARD BOOK NUMBER
International Standard Book Number 9780394842554
020 ## - INTERNATIONAL STANDARD BOOK NUMBER
International Standard Book Number 9780394942551 (lib. bdg.)
040 ## - CATALOGING SOURCE
Original cataloging agency DLC
Transcribing agency DLC
Modifying agency DLC
042 ## - AUTHENTICATION CODE
Authentication code lcac
050 00 - LIBRARY OF CONGRESS CALL NUMBER
Classification number PN6371.5
Item number .S44
082 00 - DEWEY DECIMAL CLASSIFICATION NUMBER
Classification number 428/.1
001 - CONTROL NUMBER
control field data
100 1# - MAIN ENTRY--PERSONAL NAME
Personal name Seuss,
Titles and words associated with a name Dr.
245 10 - TITLE STATEMENT
Title Oh say can you say? /
Statement of responsibility, etc. Seuss.
260 ## - PUBLICATION, DISTRIBUTION, ETC.
Place of publication, distribution, etc. New York :
Name of publisher, distributor, etc. Beginner Books,
Date of publication, distribution, etc. c1979.
300 ## - PHYSICAL DESCRIPTION
Extent [40] p. :
Other physical details col. ill. ;
Dimensions 24 cm.
520 ## - SUMMARY, ETC.
Summary, etc. A collection of nonsensical tongue twisters.
650 #0 - SUBJECT ADDED ENTRY--TOPICAL TERM
Topical term or geographic name entry element Tongue twisters.
650 #1 - SUBJECT ADDED ENTRY--TOPICAL TERM
Topical term or geographic name entry element Tongue twisters.
856 42 - ELECTRONIC LOCATION AND ACCESS
Materials specified Contributor biographical information
Uniform Resource Identifier <a href="http://www.loc.gov/catdir/bios/random056/78020716.html">http://www.loc.gov/catdir/bios/random056/78020716.html</a>
856 42 - ELECTRONIC LOCATION AND ACCESS
Materials specified Publisher description
Uniform Resource Identifier <a href="http://www.loc.gov/catdir/description/random0413/78020716.html">http://www.loc.gov/catdir/description/random0413/78020716.html</a>
906 ## - LOCAL DATA ELEMENT F, LDF (RLIN)
a 7
b cbc
c orignew
d 1
e ocip
f 19
g y-gencatlg
991 ## -
-- c-GenColl
-- PN6371.5
-- .S44
-- 00020363022
-- Copy 1
-- BOOKS
Holdings
Withdrawn status Lost status Damaged status Not for loan Home library Current library Shelving location Date acquired Total checkouts Full call number Barcode Date last seen Price effective from Koha item type
        Franklin Franklin General stacks 22/03/2026   428/.1 BC0011285 22/03/2026 22/03/2026 Books